Vlaggen met horizontale strepen - Sudden Death - Statistieken

Algemene statistieken
  • Deze quiz is 3.075 keer genomen
    3.074 sinds de laatste reset
  • De gemiddelde score is 6 van 19
Answers on the Grid
Answers color-coded by a green-red scale on the quiz's grid according to % correct below.
Argentinië
België
Botswana
Colombia
Comoren
Duitsland
Ecuador
El Salvador
Estland
Gabon
Gambia
Griekenland
Honduras
Hongarije
Indonesië
Jemen
Letland
Litouwen
Mauritanië
Mauritius
Monaco
Nederland
Oekraïne
Oostenrijk
Roemenië
Rusland
Sierra Leone
Singapore
Slowakije
Syrië
Thailand
Venezuela
 
Antwoordstatistieken
Antwoord % Correct
Duitsland
64%
Colombia
55%
Nederland
45%
Botswana
44%
Estland
44%
Rusland
36%
Hongarije
33%
Letland
33%
Monaco
32%
Litouwen
31%
Oekraïne
30%
Oostenrijk
30%
Indonesië
26%
Thailand
23%
Gabon
19%
Gambia
15%
Jemen
15%
Mauritius
11%
Sierra Leone
11%
Geen overeenkomende quizzen gevonden
Scoreverdeling
Procent van Mensen met Elke Score
Percentiel versus Aantal Correcte Antwoorden
Uw Scoregeschiedenis
U heeft deze quiz nog niet genomen sinds de laatste reset